[Event "FIDE Grand Swiss Tournament 2019"]
[Site "Douglas ENG"]
[Date "2019.10.11"]
[Round "2"]
[White "Melkumyan, Hrant"]
[Black "Vitiugov, Nikita"]
[Result "1/2-1/2"]
[WhiteElo "2650"]
[BlackElo "2732"]
[PlyCount "85"]
[EventDate "2019.10.10"]

1. d4 Nf6 2. c4 e6 3. Nf3 d5 4. Nc3 dxc4 5. e4 Bb4 6. Bxc4 Nxe4 7. O-O Nxc3 8.
bxc3 Be7 9. Ne5 O-O 10. Qg4 Nc6 11. Bf4 Nxe5 12. dxe5 f5 13. exf6 Bxf6 14. Rad1
Qe7 15. Qg3 Rf7 16. Rfe1 Rb8 17. Qe3 b5 18. Bb3 Rb6 19. c4 c5 20. cxb5 Bd4 21.
Qg3 Rxb5 22. Be3 Qf6 23. f3 Bxe3+ 24. Rxe3 g6 25. Qd6 Kg7 26. Qc6 Qg5 27. Re4
Rxb3 28. axb3 Bb7 29. Qxe6 Bxe4 30. Qxe4 Re7 31. Qd3 Qe3+ 32. Qxe3 Rxe3 33. Rc1
Rxb3 34. Rxc5 h5 35. Rc7+ Kh6 36. Rxa7 h4 37. h3 Rb1+ 38. Kh2 g5 39. Ra4 Rf1
40. Rg4 Kh5 41. Rd4 Kg6 42. Rd6+ Kf5 43. Rd4 1/2-1/2

[Event "FIDE Grand Swiss Tournament 2019"]
[Site "Douglas ENG"]
[Date "2019.10.11"]
[Round "2"]
[White "Mamedov, Rauf"]
[Black "Wang, Hao"]
[Result "0-1"]
[WhiteElo "2645"]
[BlackElo "2726"]
[PlyCount "85"]
[EventDate "2019.10.10"]

1. e4 c5 2. Nf3 d6 3. Bb5+ Nd7 4. c3 Ngf6 5. Qe2 a6 6. Ba4 b5 7. Bc2 e5 8. O-O
Be7 9. d4 O-O 10. Rd1 Qc7 11. d5 c4 12. Nbd2 Nc5 13. b3 a5 14. bxc4 bxc4 15.
Nf1 Ba6 16. Ng3 Rfb8 17. Ba3 g6 18. Qe3 Nd3 19. h3 Nd7 20. Rab1 Rxb1 21. Rxb1
Rb8 22. Nd2 Rxb1+ 23. Bxb1 N7c5 24. Bc2 Bb5 25. Ngf1 Na4 26. Nb1 Kg7 27. Nfd2
h6 28. Nf3 Bd8 29. h4 h5 30. Bxd3 cxd3 31. Bc1 Kg8 32. Qh6 Nc5 33. Nbd2 Nd7 34.
Ba3 Nf6 35. Nxe5 dxe5 36. Qf8+ Kh7 37. c4 Ba4 38. Bd6 Qd7 39. Nf3 Nxe4 40. Bxe5
f6 41. Bf4 Qe8 42. Qa3 Bb6 43. Kh2 0-1

[Event "FIDE Grand Swiss Tournament 2019"]
[Site "Douglas ENG"]
[Date "2019.10.11"]
[Round "2"]
[White "Bu, Xiangzhi"]
[Black "Riazantsev, Alexander"]
[Result "1-0"]
[WhiteElo "2721"]
[BlackElo "2645"]
[PlyCount "69"]
[EventDate "2019.10.10"]

1. Nf3 d5 2. g3 Nf6 3. Bg2 e6 4. O-O Be7 5. c4 O-O 6. d4 c6 7. b3 b6 8. Bb2 Bb7
9. Nc3 Nbd7 10. Qc2 a5 11. e4 Nxe4 12. Nxe4 dxe4 13. Qxe4 a4 14. Rad1 Qc7 15.
Rfe1 Rfe8 16. Qc2 axb3 17. axb3 h6 18. Re2 Bf8 19. h4 c5 20. d5 exd5 21. cxd5
Qd6 22. h5 Rxe2 23. Qxe2 Ra2 24. Nh4 Ba6 25. Qd2 Ne5 26. Ra1 Rxa1+ 27. Bxa1 c4
28. Qe2 f6 29. Nf5 Qa3 30. Bxe5 cxb3 31. Nxh6+ Kh8 32. Nf7+ Kg8 33. Qg4 fxe5
34. Qe6 Qe7 35. Nh6+ 1-0

[Event "FIDE Grand Swiss Tournament 2019"]
[Site "Douglas ENG"]
[Date "2019.10.11"]
[Round "2"]
[White "Bluebaum, Matthias"]
[Black "Vidit, Santosh Gujrathi"]
[Result "1/2-1/2"]
[WhiteElo "2643"]
[BlackElo "2718"]
[PlyCount "108"]
[EventDate "2019.10.10"]

1. d4 Nf6 2. c4 e6 3. Nf3 d5 4. Nc3 Bb4 5. e3 O-O 6. Bd2 b6 7. cxd5 exd5 8. Rc1
Be7 9. Bd3 c5 10. Ne5 Bb7 11. O-O Nc6 12. a3 Bd6 13. Ng4 Ne8 14. f4 f5 15. Ne5
cxd4 16. Nxc6 Bxc6 17. exd4 Qd7 18. Qb3 Nc7 19. Rfe1 Kh8 20. Kh1 g6 21. Ne2 Ba4
22. Qa2 Bb5 23. Qb3 Bxd3 24. Qxd3 Ne8 25. Nc3 Nf6 26. Qb5 Qb7 27. Re6 Rad8 28.
Rce1 a6 29. Qb3 b5 30. R6e2 Qf7 31. Na2 Ne4 32. Bb4 Qf6 33. Bxd6 Rxd6 34. Qe3
Rc8 35. Nc1 Rc4 36. Nb3 Re6 37. Qf3 Re8 38. Qe3 Kg7 39. Kg1 Kf7 40. Nd2 Rxd4
41. Nf3 Rc4 42. Ne5+ Rxe5 43. fxe5 Qxe5 44. Qa7+ Rc7 45. Qxa6 d4 46. Qa8 d3 47.
Rxe4 fxe4 48. Rf1+ Ke7 49. Qf8+ Kd7 50. Rf7+ Kc6 51. Qa8+ Kc5 52. Qf8+ Kc6 53.
Qa8+ Kc5 54. Qf8+ Kc6 1/2-1/2

[Event "FIDE Grand Swiss Tournament 2019"]
[Site "Douglas ENG"]
[Date "2019.10.11"]
[Round "2"]
[White "Xiong, Jeffery"]
[Black "Adhiban, Baskaran"]
[Result "0-1"]
[WhiteElo "2708"]
[BlackElo "2639"]
[PlyCount "68"]
[EventDate "2019.10.10"]

1. e4 e5 2. Nf3 Nc6 3. Bb5 a6 4. Ba4 Nf6 5. O-O Nxe4 6. d4 b5 7. Bb3 d5 8. dxe5
Be6 9. c3 Bc5 10. Qd3 O-O 11. Be3 Bxe3 12. Qxe3 f5 13. exf6 Qxf6 14. Nbd2 Nxd2
15. Qxd2 Kh8 16. Rfe1 Rad8 17. Nd4 Bg8 18. Bc2 Ne5 19. b4 Nc4 20. Qe2 a5 21.
Qf3 Qb6 22. Qg3 axb4 23. Nf5 Qf6 24. cxb4 d4 25. Ne7 Be6 26. Nc6 Rd6 27. Na5
Bf5 28. Bxf5 Qxf5 29. Nb3 d3 30. Rad1 d2 31. Re7 Rg6 32. Nd4 Qf6 33. Re6 Qxd4
34. Rxg6 Qe4 0-1

[Event "FIDE Grand Swiss Tournament 2019"]
[Site "Douglas ENG"]
[Date "2019.10.11"]
[Round "2"]
[White "Karjakin, Sergey"]
[Black "Sadhwani, Raunak"]
[Result "1/2-1/2"]
[WhiteElo "2760"]
[BlackElo "2479"]
[PlyCount "61"]
[EventDate "2019.10.10"]

1. e4 c6 2. d4 d5 3. e5 Bf5 4. Nf3 e6 5. Be2 c5 6. Be3 Qb6 7. Nc3 Nc6 8. Na4
Qa5+ 9. c3 c4 10. O-O b5 11. Nc5 Bxc5 12. dxc5 Nge7 13. b4 Qa3 14. Qc1 Qxc1 15.
Rfxc1 Kd7 16. a4 a6 17. Ra2 Kc7 18. Rca1 Rab8 19. Ng5 Bg6 20. axb5 axb5 21. f4
Kb7 22. Nf3 Ra8 23. Rxa8 Rxa8 24. Rxa8 Kxa8 25. Nd4 Nxd4 26. Bxd4 Nc6 27. Kf2
Nxd4 28. cxd4 Be4 29. Bf3 Bxf3 30. Kxf3 Kb7 31. Ke3 1/2-1/2

[Event "FIDE Grand Swiss Tournament 2019"]
[Site "Douglas ENG"]
[Date "2019.10.11"]
[Round "2"]
[White "Jumabayev, Rinat"]
[Black "So, Wesley"]
[Result "1/2-1/2"]
[WhiteElo "2630"]
[BlackElo "2767"]
[PlyCount "66"]
[EventDate "2019.10.10"]

1. d4 Nf6 2. c4 e6 3. Nf3 d5 4. g3 dxc4 5. Bg2 Nc6 6. Qa4 Bb4+ 7. Bd2 Nd5 8.
Bxb4 Ndxb4 9. O-O Rb8 10. Nc3 a6 11. Ne5 O-O 12. Nxc6 Nxc6 13. Bxc6 bxc6 14.
Qxc4 Qd6 15. b3 Rb4 16. Ne4 Qxd4 17. Qxd4 Rxd4 18. f3 e5 19. Kf2 Rfd8 20. Rfc1
f5 21. Nc5 a5 22. Rc2 R8d6 23. Nd3 e4 24. Ne5 Ba6 25. Rac1 exf3 26. Nxc6 Rd2
27. Ne7+ Kf8 28. Nxf5 Rd7 29. Kxf3 Bxe2+ 30. Ke3 R7d3+ 31. Ke4 Bg4 32. Ne3 Bh5
33. Rxd2 Rxd2 1/2-1/2

[Event "FIDE Grand Swiss Tournament 2019"]
[Site "Douglas ENG"]
[Date "2019.10.11"]
[Round "2"]
[White "Alekseev, Evgeny"]
[Black "Grischuk, Alexander"]
[Result "0-1"]
[WhiteElo "2629"]
[BlackElo "2759"]
[PlyCount "134"]
[EventDate "2019.10.10"]

1. e4 e6 2. d4 d5 3. Bd3 dxe4 4. Bxe4 Nf6 5. Bf3 c5 6. Ne2 Be7 7. Nbc3 O-O 8.
dxc5 Qxd1+ 9. Nxd1 Nbd7 10. Nd4 Ne5 11. Be2 Bxc5 12. Nb3 Be7 13. Nc3 Bd7 14.
O-O Rfc8 15. Rd1 Bb4 16. Bd2 Nc4 17. Bxc4 Rxc4 18. a3 Be7 19. Na5 Rcc8 20. Bf4
b6 21. Nb7 Bc6 22. Nd6 Rd8 23. Ndb5 a6 24. Nd4 Be8 25. Nb3 Rdc8 26. Bd6 Bd8 27.
Nd4 b5 28. Rd3 Ba5 29. Nde2 Bb6 30. Rad1 Bc6 31. Bf4 Nd5 32. Be5 f6 33. Bg3
Nxc3 34. Nxc3 e5 35. h3 Bd4 36. Kh2 a5 37. f4 b4 38. fxe5 fxe5 39. axb4 axb4
40. Ne2 Be4 41. Nxd4 Bxd3 42. Rxd3 exd4 43. Rxd4 Rxc2 44. Rxb4 Re8 45. Rb8 Rxb8
46. Bxb8 Rxb2 47. Be5 Re2 48. Bb8 Kf7 49. Kg3 Ke6 50. Kf3 Rb2 51. Bc7 Rb3+ 52.
Kf2 Kd5 53. Bf4 Ke4 54. Bd6 Rb2+ 55. Kf1 Rc2 56. Bb8 g6 57. Bh2 Ke3 58. Bg1+
Kd2 59. Bb6 Kd1 60. Bd4 Rc4 61. Be3 Rc7 62. Bd4 Rf7+ 63. Bf2 h5 64. g3 g5 65.
Kg2 Ke2 66. Bb6 g4 67. hxg4 hxg4 0-1

[Event "FIDE Grand Swiss Tournament 2019"]
[Site "Douglas ENG"]
[Date "2019.10.11"]
[Round "2"]
[White "Aronian, Levon"]
[Black "Abasov, Nijat"]
[Result "1/2-1/2"]
[WhiteElo "2758"]
[BlackElo "2632"]
[PlyCount "93"]
[EventDate "2019.10.10"]

1. d4 Nf6 2. c4 e6 3. Nf3 d5 4. Nc3 Bb4 5. cxd5 Nxd5 6. Bd2 O-O 7. Rc1 c5 8.
Nxd5 Qxd5 9. dxc5 Bxc5 10. g3 Be7 11. Bc3 Qxa2 12. e4 e5 13. Nxe5 Rd8 14. Bd3
Be6 15. O-O Nd7 16. Ra1 Qb3 17. Bc2 Qb6 18. Ba5 Qxb2 19. Nd3 Qf6 20. Bxd8 Rxd8
21. Nf4 Ne5 22. Nd5 Rxd5 23. exd5 Bg4 24. f3 Bxf3 25. Rxf3 Nxf3+ 26. Kg2 Nd4
27. Rxa7 Qe5 28. Ra8+ Bf8 29. Rd8 g6 30. Bb1 Kg7 31. Rd7 Nb5 32. Rxb7 Nd6 33.
Rb3 Be7 34. Qf3 Bf6 35. Bd3 h5 36. Rb1 h4 37. gxh4 Bxh4 38. Kh1 Bf6 39. Rg1 Bd8
40. Qg2 Bb6 41. Rb1 Bd4 42. Qf3 Bc3 43. h4 Be1 44. h5 gxh5 45. Be2 Bg3 46. Bd3
h4 47. Rf1 1/2-1/2

[Event "FIDE Grand Swiss Tournament 2019"]
[Site "Douglas ENG"]
[Date "2019.10.11"]
[Round "2"]
[White "Van Foreest, Jorden"]
[Black "Harikrishna, Pentala"]
[Result "1/2-1/2"]
[WhiteElo "2621"]
[BlackElo "2748"]
[PlyCount "44"]
[EventDate "2019.10.10"]

1. e4 e5 2. Nf3 Nc6 3. Bb5 a6 4. Ba4 Nf6 5. O-O Be7 6. d3 b5 7. Bb3 d6 8. Bd2
O-O 9. h3 a5 10. a4 b4 11. Be3 d5 12. Nbd2 d4 13. Bg5 Nd7 14. Bxe7 Qxe7 15. Bd5
Ra6 16. Bc4 Ra7 17. Nh2 Nb6 18. Bb3 Qg5 19. Ndf3 Qe7 20. Nd2 Qg5 21. Ndf3 Qd8
22. Nd2 Qg5 1/2-1/2

[Event "FIDE Grand Swiss Tournament 2019"]
[Site "Douglas ENG"]
[Date "2019.10.11"]
[Round "2"]
[White "Wojtaszek, Radoslaw"]
[Black "Tari, Aryan"]
[Result "1-0"]
[WhiteElo "2748"]
[BlackElo "2630"]
[PlyCount "81"]
[EventDate "2019.10.10"]

1. d4 Nf6 2. c4 g6 3. Nf3 Bg7 4. e3 O-O 5. Be2 c5 6. d5 e6 7. Nc3 d6 8. O-O
exd5 9. cxd5 Bg4 10. h3 Bxf3 11. Bxf3 Nbd7 12. Bd2 a6 13. a4 c4 14. b4 cxb3 15.
Qxb3 Nc5 16. Qb4 Nfd7 17. Rab1 Rc8 18. Be2 Re8 19. Rfd1 Nf6 20. Bf3 Nfd7 21.
Be1 f5 22. a5 Ne5 23. Be2 Ned7 24. Bf1 g5 25. Ne2 Re4 26. Qd2 Qf6 27. Ng3 Rh4
28. f4 Rf8 29. Rb4 Qg6 30. Qc2 Rh6 31. Be2 Kh8 32. Bf3 Rh4 33. Rdb1 gxf4 34.
exf4 Bh6 35. Nxf5 Rxf4 36. Bc3+ Ne5 37. Bxe5+ dxe5 38. Rxf4 Bxf4 39. Qxc5 Qxf5
40. Be4 Rc8 41. Qe7 1-0

[Event "FIDE Grand Swiss Tournament 2019"]
[Site "Douglas ENG"]
[Date "2019.10.11"]
[Round "2"]
[White "Nakamura, Hikaru"]
[Black "Bachmann, Axel"]
[Result "1-0"]
[WhiteElo "2745"]
[BlackElo "2629"]
[PlyCount "61"]
[EventDate "2019.10.10"]

1. d4 d5 2. c4 dxc4 3. Nf3 Nf6 4. e3 e6 5. Bxc4 a6 6. O-O c5 7. dxc5 Qxd1 8.
Rxd1 Bxc5 9. Be2 b6 10. Nfd2 Bb7 11. Nb3 Be7 12. f3 Nbd7 13. e4 Nc5 14. Nd4 O-O
15. Be3 Na4 16. b3 Nc5 17. Nd2 Rac8 18. Nc4 b5 19. Nb6 Rcd8 20. Rac1 Rfe8 21.
Nxb5 Rxd1+ 22. Bxd1 Nd3 23. Rc7 Bxe4 24. fxe4 axb5 25. Be2 Bd8 26. Rc8 Bxb6 27.
Rxe8+ Nxe8 28. Bxb6 Nc1 29. Bxb5 Nd6 30. Bc6 Nxa2 31. Bc5 1-0

[Event "FIDE Grand Swiss Tournament 2019"]
[Site "Douglas ENG"]
[Date "2019.10.11"]
[Round "2"]
[White "Svidler, Peter"]
[Black "Parligras, Mircea-Emilian"]
[Result "1-0"]
[WhiteElo "2729"]
[BlackElo "2629"]
[PlyCount "59"]
[EventDate "2019.10.10"]

1. e4 e5 2. Nf3 Nc6 3. Bc4 Bc5 4. O-O Nf6 5. d3 a6 6. c3 Ba7 7. a4 d6 8. Re1
O-O 9. h3 Ne7 10. Nbd2 Ng6 11. Nf1 c6 12. Ng3 Re8 13. Bb3 d5 14. Bg5 Qb6 15.
Be3 Qc7 16. Bxa7 Rxa7 17. d4 exd4 18. Qxd4 c5 19. Qd2 dxe4 20. Ng5 Rf8 21.
N3xe4 Nxe4 22. Nxe4 b6 23. Rad1 Bb7 24. Nd6 Bc6 25. Qg5 Qb8 26. Bxf7+ Raxf7 27.
Nxf7 Qf4 28. Qxf4 Nxf4 29. Ng5 Bxg2 30. Ne6 1-0

[Event "FIDE Grand Swiss Tournament 2019"]
[Site "Douglas ENG"]
[Date "2019.10.11"]
[Round "2"]
[White "Matlakov, Maxim"]
[Black "Akobian, Varuzhan"]
[Result "1-0"]
[WhiteElo "2716"]
[BlackElo "2625"]
[PlyCount "95"]
[EventDate "2019.10.10"]

1. c4 e6 2. g3 d5 3. Bg2 Nf6 4. d4 Bb4+ 5. Bd2 Be7 6. Nf3 O-O 7. O-O Nbd7 8.
Qc2 Ne4 9. Bf4 c6 10. h4 b6 11. Nbd2 Nxd2 12. Nxd2 Bb7 13. e4 Rc8 14. Rac1 Nf6
15. e5 Nh5 16. Be3 g6 17. cxd5 cxd5 18. Qa4 a6 19. Qb3 b5 20. Rxc8 Qxc8 21. Bg5
Re8 22. Qe3 Qc2 23. g4 Ng7 24. Bxe7 Rxe7 25. Qh6 Ne8 26. Nf3 f5 27. exf6 Nxf6
28. Ne5 Qc8 29. h5 Rg7 30. hxg6 hxg6 31. Re1 Qe8 32. Re3 Bc8 33. Rc3 b4 34. Rf3
Nh7 35. Bf1 Nf8 36. Bd3 a5 37. Rf6 Qe7 38. Nxg6 Nxg6 39. Rxg6 Rxg6 40. Qxg6+
Kf8 41. Qh6+ Ke8 42. g5 Kd7 43. Qh7 Qxh7 44. Bxh7 Ba6 45. Kg2 Kd6 46. Kg3 a4
47. Kf4 a3 48. b3 1-0

[Event "FIDE Grand Swiss Tournament 2019"]
[Site "Douglas ENG"]
[Date "2019.10.11"]
[Round "2"]
[White "Durarbayli, Vasif"]
[Black "Le, Quang Liem"]
[Result "1/2-1/2"]
[WhiteElo "2617"]
[BlackElo "2708"]
[PlyCount "95"]
[EventDate "2019.10.10"]

1. e4 e5 2. Nf3 Nc6 3. Bb5 Nf6 4. d3 d6 5. c3 g6 6. O-O Bg7 7. h3 O-O 8. Re1 a6
9. Ba4 b5 10. Bc2 d5 11. Be3 Re8 12. Nbd2 h6 13. a4 Be6 14. Qc1 Nd7 15. d4 exd4
16. cxd4 Nb4 17. Bb1 dxe4 18. Nxe4 Kh7 19. axb5 axb5 20. Rxa8 Qxa8 21. Qxc7 Nd5
22. Qd6 N7b6 23. Ned2 Nc4 24. Nxc4 bxc4 25. Bd2 Qb8 26. Qc6 Rc8 27. Qa6 Nc7 28.
Qa3 Rd8 29. Bf4 Qb6 30. Be5 Nb5 31. Qb4 Bf8 32. Qd2 Bg7 33. Bxg7 Kxg7 34. Qb4
Rb8 35. Qd2 Rd8 36. Qb4 Rb8 37. Re2 Bd5 38. Be4 Nc7 39. Qxb6 Rxb6 40. Bxd5 Nxd5
41. Rc2 Rb4 42. Nd2 Nb6 43. Kf1 Kf6 44. Ke2 Ke6 45. Ke3 Nd5+ 46. Kf3 Nb6 47.
Ke3 Nd5+ 48. Kf3 1/2-1/2

[Event "FIDE Grand Swiss Tournament 2019"]
[Site "Douglas ENG"]
[Date "2019.10.11"]
[Round "2"]
[White "Amin, Bassem"]
[Black "Rakhmanov, Aleksandr"]
[Result "1-0"]
[WhiteElo "2699"]
[BlackElo "2621"]
[PlyCount "103"]
[EventDate "2019.10.10"]

1. e4 e5 2. Nf3 Nf6 3. Nxe5 d6 4. Nf3 Nxe4 5. Nc3 Nf6 6. d4 Be7 7. Bd3 O-O 8.
O-O Re8 9. Re1 d5 10. Bg5 c6 11. Qd2 Nbd7 12. h3 h6 13. Bf4 Bb4 14. Rxe8+ Nxe8
15. Re1 Ndf6 16. Ne5 Be6 17. a3 Ne4 18. Bxe4 Bxc3 19. Qxc3 dxe4 20. Qb4 Qb6 21.
Qxb6 axb6 22. Rxe4 Nf6 23. Re1 Re8 24. g4 Bd5 25. Rc1 b5 26. f3 Re7 27. Kf2 Nd7
28. Nd3 Bc4 29. Rd1 f6 30. Bd6 Re8 31. b3 Bf7 32. Re1 Rxe1 33. Kxe1 h5 34. Kd2
g5 35. Nf2 Kg7 36. Ne4 Kg6 37. Be7 Bd5 38. Ke3 hxg4 39. hxg4 Kf7 40. Bd8 Ke8
41. Bc7 Kf8 42. Nd6 b6 43. Bd8 Bg8 44. c4 bxc4 45. bxc4 b5 46. d5 Ne5 47. Bxf6
Nxc4+ 48. Nxc4 bxc4 49. dxc6 Ke8 50. Kd4 c3 51. Bxg5 c2 52. a4 1-0

[Event "FIDE Grand Swiss Tournament 2019"]
[Site "Douglas ENG"]
[Date "2019.10.11"]
[Round "2"]
[White "Anand, Viswanathan"]
[Black "Baron, Tal"]
[Result "1-0"]
[WhiteElo "2765"]
[BlackElo "2531"]
[PlyCount "53"]
[EventDate "2019.10.10"]

1. e4 c5 2. Nf3 Nc6 3. d4 cxd4 4. Nxd4 Nf6 5. Nc3 e5 6. Ndb5 d6 7. Nd5 Nxd5 8.
exd5 Nb8 9. a4 Be7 10. Bd2 O-O 11. Be2 a6 12. Na3 a5 13. Bb5 f5 14. Qe2 Nd7 15.
O-O-O Nc5 16. f4 Bf6 17. fxe5 dxe5 18. Be3 b6 19. Nc4 Rb8 20. Nxa5 bxa5 21.
Bxc5 Rf7 22. Kb1 f4 23. d6 Bf5 24. Rd5 Bg6 25. d7 e4 26. Rf1 Bg5 27. Qg4 1-0

[Event "FIDE Grand Swiss Tournament 2019"]
[Site "Douglas ENG"]
[Date "2019.10.11"]
[Round "2"]
[White "Prithu, Gupta"]
[Black "Shankland, Sam"]
[Result "0-1"]
[WhiteElo "2493"]
[BlackElo "2705"]
[PlyCount "90"]
[EventDate "2019.10.10"]

1. c4 c5 2. Nc3 Nc6 3. g3 g6 4. Bg2 Bg7 5. Nf3 e5 6. O-O d6 7. a3 a5 8. d3 Nge7
9. Ne1 Be6 10. Nc2 d5 11. cxd5 Nxd5 12. Ne3 Nb6 13. Bxc6+ bxc6 14. Ne4 c4 15.
Nxc4 Nxc4 16. dxc4 O-O 17. Nc5 Qxd1 18. Rxd1 Bxc4 19. Rd2 Rfd8 20. Rc2 Rd1+ 21.
Kg2 Rd4 22. e4 a4 23. Be3 Rxe4 24. Nxe4 Bd3 25. Rd2 Bxe4+ 26. f3 Bd5 27. Rc1 f5
28. Kf2 Kf7 29. Re2 Rb8 30. Bc5 Rb3 31. Rc3 Rb5 32. Bb4 e4 33. fxe4 Bd4+ 34.
Ke1 fxe4 35. Rc1 c5 36. Bc3 Ke6 37. Rd2 Ke5 38. Re2 Rb8 39. Rf2 e3 40. Rf4 g5
41. Rg4 h6 42. Rd1 Bxc3+ 43. bxc3 Bf3 44. Rc4 Rb2 45. Rxc5+ Ke6 0-1

[Event "FIDE Grand Swiss Tournament 2019"]
[Site "Douglas ENG"]
[Date "2019.10.12"]
[Round "3"]
[White "Wang, Hao"]
[Black "Bu, Xiangzhi"]
[Result "1-0"]
[WhiteElo "2726"]
[BlackElo "2721"]
[PlyCount "51"]
[EventDate "2019.10.10"]

1. e4 e5 2. Nf3 Nc6 3. Bc4 Bc5 4. d3 Nf6 5. c3 O-O 6. O-O d5 7. exd5 Nxd5 8.
Nbd2 Nb6 9. Bb5 f6 10. d4 exd4 11. Nb3 Qd5 12. Bf4 Bg4 13. Bxc7 Rf7 14. Bg3 Ne5
15. Bxe5 fxe5 16. Be2 Rd8 17. c4 Qd6 18. Ng5 Bf5 19. Nxf7 Kxf7 20. Bd3 e4 21.
Nxc5 Qxc5 22. Qh5+ Kf6 23. Bxe4 Na4 24. b4 Qe5 25. f4 Qxe4 26. Rae1 1-0

[Event "FIDE Grand Swiss Tournament 2019"]
[Site "Douglas ENG"]
[Date "2019.10.12"]
[Round "3"]
[White "Adhiban, Baskaran"]
[Black "Wojtaszek, Radoslaw"]
[Result "1/2-1/2"]
[WhiteElo "2639"]
[BlackElo "2748"]
[PlyCount "77"]
[EventDate "2019.10.10"]

1. e4 c6 2. d4 d5 3. e5 Bf5 4. Nf3 e6 5. Be2 c5 6. Be3 Qb6 7. Nc3 Nc6 8. O-O
Qxb2 9. Qe1 cxd4 10. Bxd4 Nxd4 11. Nxd4 Bb4 12. Rb1 Bxc3 13. Rxb2 Bxe1 14. Rxe1
b6 15. Nb5 Kf8 16. Rc1 Ne7 17. c4 g5 18. cxd5 exd5 19. Nd6 Be6 20. h4 gxh4 21.
Bh5 Rg8 22. Rb4 Rg7 23. Rxh4 Nf5 24. Nxf5 Bxf5 25. Rf4 Rc8 26. Rxc8+ Bxc8 27.
Rf6 Ke7 28. Rc6 Bg4 29. Bxg4 Rxg4 30. Rc7+ Ke6 31. Rxa7 Rb4 32. Kf1 Rb2 33. g4
d4 34. f4 d3 35. Ke1 Rb4 36. f5+ Kxe5 37. Rxf7 Rxg4 38. Rxh7 Kxf5 39. Kd2
1/2-1/2

[Event "FIDE Grand Swiss Tournament 2019"]
[Site "Douglas ENG"]
[Date "2019.10.12"]
[Round "3"]
[White "Carlsen, Magnus"]
[Black "Kasimdzhanov, Rustam"]
[Result "1/2-1/2"]
[WhiteElo "2876"]
[BlackElo "2657"]
[PlyCount "109"]
[EventDate "2019.10.10"]

1. c4 c5 2. g3 g6 3. Bg2 Bg7 4. Nc3 Nc6 5. Nf3 e6 6. h4 Nf6 7. d4 cxd4 8. Nxd4
O-O 9. O-O d5 10. cxd5 Nxd5 11. Bg5 Qa5 12. Nb3 Nxc3 13. Nxa5 Nxd1 14. Nxc6
Nxb2 15. Ne7+ Kh8 16. Rac1 Bd7 17. Bxb7 Rab8 18. Rc7 Bb5 19. Bf3 a6 20. Rfc1 h6
21. Be3 Rbd8 22. Kg2 Kh7 23. Nc6 Rc8 24. Na7 Rxc7 25. Rxc7 Kg8 26. Nxb5 axb5
27. h5 g5 28. Rb7 Nc4 29. Bc5 Ra8 30. Be4 Be5 31. Bb1 Bd6 32. Ba7 Bf8 33. f4
gxf4 34. gxf4 Na5 35. Rd7 Nc6 36. Bf2 Nb4 37. f5 exf5 38. Rd2 Be7 39. Be1 f4
40. Rd7 Bf8 41. Kf1 Bc5 42. Rb7 Nxa2 43. Rxb5 Bd4 44. Rb3 Kg7 45. Rd3 Bf6 46.
Bd2 Ra4 47. Rd7 Kg8 48. Rc7 Rd4 49. Bxa2 Rxd2 50. Bxf7+ Kf8 51. Bc4 Bg5 52. Kf2
Rc2 53. Kf3 Rc3+ 54. Ke4 f3 55. exf3 1/2-1/2

[Event "FIDE Grand Swiss Tournament 2019"]
[Site "Douglas ENG"]
[Date "2019.10.12"]
[Round "3"]
[White "Yu, Yangyi"]
[Black "Sarana, Alexey"]
[Result "1/2-1/2"]
[WhiteElo "2763"]
[BlackElo "2655"]
[PlyCount "151"]
[EventDate "2019.10.10"]

1. e4 c5 2. Nf3 d6 3. d4 cxd4 4. Nxd4 Nf6 5. f3 Nc6 6. c4 e6 7. Nc3 Be7 8. Be3
O-O 9. Qc2 e5 10. Nxc6 bxc6 11. Rd1 Be6 12. Be2 Qa5 13. O-O d5 14. cxd5 cxd5
15. exd5 Nxd5 16. Nxd5 Bxd5 17. b3 Rfc8 18. Qd2 Qxd2 19. Rxd2 Be6 20. Ba6 Rc7
21. Rdd1 Ba3 22. f4 exf4 23. Rxf4 Bc5 24. Bxc5 Rxc5 25. b4 Rc7 26. Rfd4 Kf8 27.
a4 Ke7 28. Kf2 Rc2+ 29. R1d2 Rxd2+ 30. Rxd2 Rb8 31. Rd4 Rb6 32. Bb5 Rd6 33. Ke3
Bd5 34. g3 Re6+ 35. Kd3 Re5 36. Bc4 Bb7 37. b5 g5 38. Kc3 f5 39. a5 Be4 40. a6
h5 41. Kb4 h4 42. gxh4 gxh4 43. h3 Kf8 44. Rd6 Re7 45. Kc5 Kg7 46. b6 axb6+ 47.
Kxb6 f4 48. a7 f3 49. Rd4 Ba8 50. Rd8 Be4 51. a8=Q Bxa8 52. Rxa8 Re3 53. Rg8+
Kf6 54. Rf8+ Ke5 55. Kc5 Rc3 56. Kb4 Re3 57. Bf1 Kd4 58. Rf7 Kd5 59. Ba6 Kd4
60. Rf4+ Ke5 61. Rf8 Kd4 62. Bb5 Re1 63. Rxf3 Re3 64. Rf4+ Ke5 65. Rf8 Rxh3 66.
Rh8 Kf4 67. Bd7 Rh1 68. Kc3 h3 69. Kd2 h2 70. Bc6 Ra1 71. Ke2 Kg3 72. Bd5 Rb1
73. Be4 Ra1 74. Bd5 Rb1 75. Be4 Ra1 76. Bd5 1/2-1/2

[Event "FIDE Grand Swiss Tournament 2019"]
[Site "Douglas ENG"]
[Date "2019.10.12"]
[Round "3"]
[White "Grischuk, Alexander"]
[Black "Oparin, Grigoriy"]
[Result "1-0"]
[WhiteElo "2759"]
[BlackElo "2654"]
[PlyCount "147"]
[EventDate "2019.10.10"]

1. e4 e5 2. Nf3 Nc6 3. Bb5 a6 4. Ba4 Nf6 5. O-O b5 6. Bb3 Bb7 7. d3 Bc5 8. a4
O-O 9. Bg5 h6 10. Bh4 Be7 11. c3 d6 12. Na3 Nh5 13. Bxe7 Qxe7 14. axb5 axb5 15.
Nxb5 Rxa1 16. Qxa1 Nf4 17. Qd1 Ba6 18. c4 Bc8 19. Qd2 Bg4 20. Bd1 f5 21. Ne1
Qg5 22. Kh1 fxe4 23. Bxg4 Qxg4 24. dxe4 Ne6 25. Nc3 Ncd4 26. b4 Ng5 27. f3 Qe6
28. Qd3 Qf7 29. Nd5 c6 30. Ne3 Nge6 31. N1c2 Ra8 32. Nxd4 Nxd4 33. Nf5 Nxf5 34.
exf5 d5 35. cxd5 Qxd5 36. Qxd5+ cxd5 37. Rb1 Rb8 38. b5 Rb6 39. g4 Kf7 40. h4
Kf6 41. h5 e4 42. fxe4 Kg5 43. e5 d4 44. e6 d3 45. Kg2 Kxg4 46. e7 Rb8 47. b6
Kxf5 48. Kf3 Kf6 49. Ke3 Kxe7 50. Kxd3 Kd6 51. Ke4 Rb7 52. Kf5 Kd5 53. Rd1+ Kc5
54. Rc1+ Kd5 55. Rb1 Kc5 56. Ke6 Kc6 57. Rc1+ Kb5 58. Kf5 Kb4 59. Kg6 Rxb6+ 60.
Kxg7 Re6 61. Rg1 Kc5 62. Rg6 Kd5 63. Kxh6 Re8 64. Kg7 Re7+ 65. Kf6 Ra7 66. h6
Ke4 67. Rg4+ Kf3 68. Rg7 Ra6+ 69. Kg5 Ra5+ 70. Kg6 Ra6+ 71. Kh5 Ra5+ 72. Rg5
Ra7 73. Rf5+ Ke4 74. Kg6 1-0

[Event "FIDE Grand Swiss Tournament 2019"]
[Site "Douglas ENG"]
[Date "2019.10.12"]
[Round "3"]
[White "Artemiev, Vladislav"]
[Black "Melkumyan, Hrant"]
[Result "1/2-1/2"]
[WhiteElo "2746"]
[BlackElo "2650"]
[PlyCount "60"]
[EventDate "2019.10.10"]

1. c4 e5 2. Nc3 Bb4 3. g3 Bxc3 4. bxc3 d6 5. Bg2 Nc6 6. d3 Nge7 7. Nh3 h5 8. e4
Ng6 9. Be3 Bd7 10. Ng5 f6 11. Nf3 h4 12. Nd2 b6 13. Qe2 Qc8 14. Bf3 Nce7 15. a4
a5 16. O-O Rb8 17. Rfb1 O-O 18. Bh5 f5 19. exf5 Bxf5 20. Ne4 Qd7 21. Rb5 Nc6
22. Ng5 Rf6 23. Bf3 Nge7 24. Ne4 Rg6 25. Ng5 Rf8 26. Qd1 Rgf6 27. Ne4 Rg6 28.
Ng5 Rgf6 29. Ne4 Rg6 30. Ng5 Rgf6 1/2-1/2

[Event "FIDE Grand Swiss Tournament 2019"]
[Site "Douglas ENG"]
[Date "2019.10.12"]
[Round "3"]
[White "Demchenko, Anton"]
[Black "Nakamura, Hikaru"]
[Result "1/2-1/2"]
[WhiteElo "2655"]
[BlackElo "2745"]
[PlyCount "42"]
[EventDate "2019.10.10"]

1. d4 d5 2. Nf3 Nf6 3. Bf4 e6 4. e3 c5 5. Nbd2 Bd6 6. dxc5 Bxc5 7. Bd3 Nc6 8.
O-O O-O 9. c4 Bd6 10. Bxd6 Qxd6 11. Rc1 Rd8 12. a3 dxc4 13. Bxc4 Bd7 14. Qe2
Rac8 15. Rfd1 Ne5 16. Nxe5 Qxe5 17. Nf3 Qc7 18. Qe1 Qb6 19. Qe2 Qc7 20. Qe1 Qb6
21. Qe2 Qc7 1/2-1/2